[Event "GER-ch U12"]
[Site "Willingen"]
[Date "2004.05.31"]
[Round "4"]
[White "Dannhorn, Anna"]
[Black "Hoffmann, Cara"]
[Result "1/2-1/2"]
[WhiteElo "1085"]
[BlackElo "922"]
[PlyCount "65"]
[EventDate "2004.06.??"]
[EventType "swiss"]
[EventRounds "11"]
[EventCountry "GER"]
[SourceTitle "EXT 2005"]
[Source "ChessBase"]
[SourceDate "2004.11.15"]
[SourceVersion "1"]
[SourceVersionDate "2004.11.15"]
[SourceQuality "1"]

1. e4 c5 2. Nf3 d6 3. Bb5+ Bd7 4. Bxd7+ Qxd7 5. 0-0 Nf6 6. d3 g6 7. Nc3 Bg7 8. Be3 Nc6 9. h3 0-0 10. Re1 a6 11. a4 Rab8 12. Qd2 b5 13. axb5 axb5 14. Ne2 b4 15. Ng3 Qb7 16. b3 Nd7 17. Rab1 Bc3 18. Qd1 Bxe1 19. Qxe1 Nde5 20. Nh4 Ra8 21. Bh6 Rfc8 22. Qc1 Nd4 23. Qb2 Ra6 24. f4 Nd7 25. Rc1 Qc7 26. Kh2 Nf6 27. c3 bxc3 28. Qxc3 Qa5 29. Qc4 Ne6 30. Nf3 Rd8 31. f5 Ng7 32. Ng5 Rf8 33. Ne2 1/2-1/2